| 000 | 00893nam a2200241 a 4500 | ||
|---|---|---|---|
| 001 | 13541 | ||
| 003 | BD-JhCC | ||
| 005 | 20240122090726.0 | ||
| 008 | 240122b2018 b |||| ||a| 000 0 be d | ||
| 035 | _a(BD-JhCC)13541 | ||
| 040 |
_aBD-JhCC _dBD-JhCC |
||
| 041 | _aben | ||
| 082 |
_a813.54 _bPAP 2018 |
||
| 100 | _aPappano, Marilyn | ||
| 245 |
_aফরবিডেন স্ট্রেঞ্জার / _cমেরিলিন পাপানো, ভাষান্তর: মোস্তফা আরিফ |
||
| 260 |
_aঢাকা: _bদি ইউনিভার্সেল একাডেমি; _c2018. |
||
| 300 |
_a368 p. : _c24 cm. |
||
| 650 |
_aRomance fiction _vSuspense fiction _xMan-woman relationships _yStripteasers _zMissing persons--Investigation |
||
| 651 | _aUndercover operations | ||
| 700 | _aআরিফ,মোস্তফা | ||
| 942 |
_2ddc _cBK |
||
| 999 |
_c13541 _d13541 |
||